000
00237nam a22000857a 4500
008
160718b xxu||||| |||| 00| 0 eng d
100
_9
3026
_a
Dharmapal, G
245
_a
Tiger Fry and Other Tales
260
_a
New Delhi
_b
Orient Publication
_c
2004
999
_c
2589
_d
2589